| 000 | 00916cam a22002654a 4500 | ||
|---|---|---|---|
| 005 | 20230613103325.0 | ||
| 008 | 101123s2010 caua 001 0 eng d | ||
| 010 | _a 2010484411 | ||
| 015 |
_aGBB077812 _2bnb |
||
| 016 | 7 |
_a015588572 _2Uk |
|
| 020 | _a9780071744263 (pbk.) | ||
| 035 | _a(OCoLC)ocn606789527 | ||
| 040 |
_aUKM _cUKM _dBTCTA _dYDXCP _dDLC |
||
| 042 | _alccopycat | ||
| 082 | 0 | 4 |
_a658.404 _222 _bPHI-P |
| 100 | 1 | _aPhillips, Joseph. | |
| 245 | 1 | 0 |
_aPMP Project Management Professional. _pLab manual / _cJoseph Phillips. |
| 260 |
_aBerkeley, Calif. : _bOsborne/McGraw-Hill ; _aLondon : _bMcGraw-Hill [distributor], _c2010. |
||
| 300 |
_axxix, 448 p. : _bill. ; _c24 cm. |
||
| 500 | _aIncludes index. | ||
| 650 | 0 |
_aProject management _xExaminations _vStudy guides. |
|
| 906 |
_a7 _bcbc _ccopycat _d2 _encip _f20 _gy-gencatlg |
||
| 999 |
_c18731 _d18731 |
||